02381nam a2200301uu 4500001000800000005001700008007001000025008004100035035001200076040001300088041000800101100004700109245007200156260004300228300001300271520126200284650003501546650002201581650003901603650004101642650003201683700004801715700004101763700004001804700004201844856006101886500013201947104863820260507082431.0co|||||||070925s2007 spa  a1048638 ccomduadb aspa10aFernández Sánchez, Elizabeth4auteaut10aHerramientas evaluativas para elaborar y organizar pruebas escritas aMedellín :b[sin publicador],c2007. a1 CD-ROM3 aEl presente trabajo de investigación se enfoca en determinar si los enunciados que se presentan en las pruebas escritas elaboradas por los docentes de décimo y once grado, de la Institución Educativa Concejo de Medellín, son acordes con los objetivos planteados por éstos; además, se establece cuáles son las relaciones existentes entre los objetivos de las Evaluaciones de Matemáticas en los programas de décimo y onceavo grado y los objetivos evaluados en las pruebas escritas; incluyendo lo que se espera encontrar frente a las relaciones entre los objetivos evaluados en las pruebas escritas y los ejercicios utilizados para ellos y las relaciones entre los ejercicios formulados por cada docente en las pruebas escritas y el tiempo asignado para su resolución. Para darle respuesta a dicho problema se procedió a realizar una encuesta a los alumnos de los grados décimo y once, una entrevista a los docentes de los respectivos grados y un análisis de las pruebas escritas elaboradas por cada uno de los docentes de estos grados; luego se hizo un análisis exhaustivo del diseño metodológico y finalmente se propone un instrumento para la elaboración de una prueba escrita y un software para organizar pruebas escritas. 7aEvaluación académica2lemb aExamenes escritos aIndicadores de logros curriculares aProgramas para computador educativos aLicenciatura en educación10aSaldarriaga Restrepo, Jorge Mario4auteaut10aPorras Vanegas, Juan David4auteaut10aValverde Ramirez, Lourdes4thseths10aZapata Correa, Alvaro David4thseths4 uhttps://bibliotecadigital.udea.edu.co/handle/10495/27603 aTesis (Licenciatura en Matemáticas y Física). Universidad de Antioquia. Facultad de Educacion - Título del grado otorgado